000 00541nam a2200193 a 4500
005 20220610063716.0
008 991125s1991 mx 000 0 spa u
020 _a9682927878
035 _aUPN01000001858
049 _aSEP
050 4 _aPQ7187
_bA55
245 0 0 _aAlmíbar de corazones rotos /
_cselec. de Ernestina Loyo.
260 _aMéxico :
_bSEP,
_c1991.
300 _a125 p. :
_bil., fotos
440 0 _aLibros del rincón.
_pItacate
650 0 _aAmor en la literatura
_94325
700 1 _aLoyo, Ernestina,
_ecomp.
905 _aLibro
999 _c1858
_d1858